000 00701nam a2200181Ia 4500
008 100920s9999 xx 000 0 und d
082 _b104255
_a891.43 न 07
100 _aआसरे राम.
245 _aपर्यावरण प्रदुषण और प्रबंन्ध.
260 _bउत्सवा प्रका. इलाहाबाद.
_c2007
300 _a152
_bसाधी
365 _b150
520 _aहिंदी.
630 _aपर्यावरण प्रदुषण और प्रबंन्ध.
650 _aहिंदी.
730 _aपर्यावरण प्रदुषण और प्रबंन्ध.
942 _cBOOK
999 _c744687
_d744684